| 000 | 01506nam a22003374a 4500 | ||
|---|---|---|---|
| 001 | ebr10057412 | ||
| 003 | CaPaEBR | ||
| 006 | m u | ||
| 007 | cr cn||||||||| | ||
| 008 | 001220s2001 enka sb 001 0 eng | ||
| 010 | _z 00054523 | ||
| 020 | _z0333919831 (cloth) | ||
| 040 |
_aCaPaEBR _cCaPaEBR |
||
| 035 | _a(OCoLC)70740322 | ||
| 050 | 1 | 4 |
_aHC256.5 _b.K77 2001eb |
| 082 | 0 | 4 |
_a338.941/009/045 _221 |
| 100 | 1 |
_aKrozewski, Gerold, _d1960- |
|
| 245 | 1 | 0 |
_aMoney and the end of empire _h[electronic resource] : _bBritish international economic policy and the colonies, 1947-58 / _cGerold Krozewski. |
| 260 |
_aHoundmills, Basingstoke, Hampshire ; _aNew York : _bPalgrave, _c2001. |
||
| 300 |
_axiii, 311 p. : _bill. |
||
| 490 | 1 | _aCambridge imperial and post-colonial studies series | |
| 504 | _aIncludes bibliographical references (p. 272-293) and index. | ||
| 533 |
_aElectronic reproduction. _bPalo Alto, Calif. : _cebrary, _d2013. _nAvailable via World Wide Web. _nAccess may be limited to ebrary affiliated libraries. |
||
| 650 | 0 |
_aWorld War, 1939-1945 _xEconomic aspects _zGreat Britain. |
|
| 651 | 0 |
_aGreat Britain _xEconomic policy _y1945-1964. |
|
| 651 | 0 |
_aGreat Britain _xColonies _xEconomic conditions. |
|
| 655 | 7 |
_aElectronic books. _2local |
|
| 710 | 2 | _aebrary, Inc. | |
| 830 | 0 | _aCambridge imperial and post-colonial studies series. | |
| 856 | 4 | 0 |
_uhttp://site.ebrary.com/lib/rucke/Doc?id=10057412 _zAn electronic book accessible through the World Wide Web; click to view |
| 999 |
_c71711 _d71711 |
||